| 000 | 00594nam a2200145Ia 4500 | ||
|---|---|---|---|
| 008 | 220216s9999 xx 000 0 und d | ||
| 100 | _aRajeevan B | ||
| 245 | 4 | _aThe impact of extension approaches for enhancing productivity of NR - the Indian experience with special reference to clone RRII 105 | |
| 260 | _bIRC 2012. International Rubber Conference, 28-31 October 2012, Kovalam, India, Rubber Research Institute of India, Kottayam and IRRDB, Malaysia: Abstracts. pp.219. | ||
| 650 | _aNR productivity | ||
| 700 | _aAnilkumar D | ||
| 700 | _aaThomas J | ||
| 700 | _aNair R B | ||
| 942 | _cJS | ||
| 999 |
_c70753 _d70753 |
||